000 00396nam a2200169Ia 4500
008 230524s9999 xx 000 0 und d
020 _a9788172235635
082 _bCOE
100 _aPaulo Coelho
_937861
245 0 _aEleven Minutes
250 _a1
260 _aNew Delhi
_bHarper
_c2011
300 _a275p;
500 _aQuantity Number: 1
650 _aMiscellaneous
_91877
942 _cBK
999 _c52327
_d52327